000 00375nam a2200145Ia 4500
008 220216s9999 xx 000 0 und d
100 _aMathew K.J.
245 0 _aNew trends in global NR consumption
260 _bRubber Asia
_c1998
300 _a35-40
650 _aIndian rubber industry
650 _aRubber consumption
650 _aWorld rubber industry
942 _cBS
999 _c51117
_d51117